Immunologische, endokrine und klinisch-chemische Veränderungen bei Frauen mit hormonellen Störungen bei Pentachlorphenol- und Lindanbelastung$Volker Daniel, Ingrid Gerhard

Saved in:
Bibliographic Details
Main Authors: Daniel, Volker (Author) , Gerhard, Ingrid (Author)
Format: Article (Journal)
Language:German
Published: 1995
In: Zentralblatt für Arbeitsmedizin, Arbeitsschutz und Ergonomie
Year: 1995, Volume: 45, Pages: 312-328
ISSN:0944-2502
Online Access: Get full text

MARC

LEADER 00000caa a2200000 c 4500
001 189937714X
003 DE-627
005 20250414075145.0
007 tu
008 240822s1995 xx ||||| 00| ||ger c
035 |a (DE-627)189937714X 
035 |a (DE-599)KXP189937714X 
035 |a (OCoLC)1475308658 
040 |a DE-627  |b ger  |c DE-627  |e rda 
041 |a ger 
084 |a 33  |2 sdnb 
100 1 |a Daniel, Volker  |e VerfasserIn  |0 (DE-588)1058939513  |0 (DE-627)79784418X  |0 (DE-576)166309168  |4 aut 
245 1 0 |a Immunologische, endokrine und klinisch-chemische Veränderungen bei Frauen mit hormonellen Störungen bei Pentachlorphenol- und Lindanbelastung$Volker Daniel, Ingrid Gerhard 
264 1 |c 1995 
300 |a 17 
336 |a Text  |b txt  |2 rdacontent 
337 |a ohne Hilfsmittel zu benutzen  |b n  |2 rdamedia 
338 |a Band  |b nc  |2 rdacarrier 
700 1 |a Gerhard, Ingrid  |e VerfasserIn  |0 (DE-588)12052807X  |0 (DE-627)080730108  |0 (DE-576)164618805  |4 aut 
773 0 8 |i Enthalten in  |t Zentralblatt für Arbeitsmedizin, Arbeitsschutz und Ergonomie  |d Heidelberg : Springer-Verlag GmbH, 1993  |g 45(1995), Seite 312-328  |w (DE-627)181983354  |w (DE-600)1179839-7  |w (DE-576)038877775  |x 0944-2502  |7 nnas  |a Immunologische, endokrine und klinisch-chemische Veränderungen bei Frauen mit hormonellen Störungen bei Pentachlorphenol- und Lindanbelastung$Volker Daniel, Ingrid Gerhard 
773 1 8 |g volume:45  |g year:1995  |g pages:312-328  |g extent:17  |a Immunologische, endokrine und klinisch-chemische Veränderungen bei Frauen mit hormonellen Störungen bei Pentachlorphenol- und Lindanbelastung$Volker Daniel, Ingrid Gerhard 
951 |a AR 
992 |a 20240822 
993 |a Article 
994 |a 1995 
998 |g 12052807X  |a Gerhard, Ingrid  |m 12052807X:Gerhard, Ingrid  |d 910000  |d 910400  |e 910000PG12052807X  |e 910400PG12052807X  |k 0/910000/  |k 1/910000/910400/  |p 2  |y j 
998 |g 1058939513  |a Daniel, Volker  |m 1058939513:Daniel, Volker  |d 910000  |d 911600  |e 910000PD1058939513  |e 911600PD1058939513  |k 0/910000/  |k 1/910000/911600/  |p 1  |x j 
999 |a KXP-PPN189937714X  |e 4569768717 
BIB |a Y 
SER |a journal 
JSO |a {"physDesc":[{"extent":"17 S."}],"title":[{"title_sort":"Immunologische, endokrine und klinisch-chemische Veränderungen bei Frauen mit hormonellen Störungen bei Pentachlorphenol- und Lindanbelastung$Volker Daniel, Ingrid Gerhard","title":"Immunologische, endokrine und klinisch-chemische Veränderungen bei Frauen mit hormonellen Störungen bei Pentachlorphenol- und Lindanbelastung$Volker Daniel, Ingrid Gerhard"}],"person":[{"family":"Daniel","display":"Daniel, Volker","given":"Volker","role":"aut"},{"family":"Gerhard","display":"Gerhard, Ingrid","given":"Ingrid","role":"aut"}],"language":["ger"],"origin":[{"dateIssuedDisp":"1995","dateIssuedKey":"1995"}],"type":{"bibl":"article-journal"},"relHost":[{"type":{"bibl":"periodical"},"pubHistory":["43.1993,6 -"],"origin":[{"dateIssuedKey":"1993","publisher":"Springer-Verlag GmbH ; Springer Medizin ; Haefner ; Haefner","publisherPlace":"Heidelberg ; Berlin ; Heidelberg ; Heidelberg ; Leinfelden-Echterdingen","dateIssuedDisp":"1993-"}],"language":["ger"],"titleAlt":[{"title":"mit Beiträgen zur Umweltmedizin"}],"part":{"extent":"17","year":"1995","text":"45(1995), Seite 312-328","volume":"45","pages":"312-328"},"title":[{"title_sort":"Zentralblatt für Arbeitsmedizin, Arbeitsschutz und Ergonomie","subtitle":"mit Beiträgen aus Umweltmedizin und Sozialmedizin","title":"Zentralblatt für Arbeitsmedizin, Arbeitsschutz und Ergonomie"}],"disp":"Immunologische, endokrine und klinisch-chemische Veränderungen bei Frauen mit hormonellen Störungen bei Pentachlorphenol- und Lindanbelastung$Volker Daniel, Ingrid GerhardZentralblatt für Arbeitsmedizin, Arbeitsschutz und Ergonomie","id":{"issn":["0944-2502"],"eki":["181983354"],"zdb":["1179839-7"]},"recId":"181983354","note":["Teils ohne Zusatz"]}],"recId":"189937714X","id":{"eki":["189937714X"]}} 
SRT |a DANIELVOLKIMMUNOLOGI1995